Pays qui parlent portugais - Statistiques

Statistiques générales
  • Ce quiz a été pris 33 928 fois
  • Le résultat moyen est 5 sur 9
Statistiques - réponses
Continent Pays % Correct
Amérique du Sud Brésil
99%
Europe Portugal
99%
Afrique Angola
68%
Afrique Cap-Vert
58%
Afrique Mozambique
48%
Afrique Guinée-Bissau
40%
Afrique São Tomé-et-Principe
40%
Afrique Guinée Équatoriale
35%
Asie Timor Oriental
29%
Aucun quiz correspondant
Distribution des résultats
% des personnes avec chaque résultat
Percentile par nombre de réponses
Votre historique - résultats
Vous n’avez pas pris ce quiz